| 000 | 00817nam a22002297a 4500 | ||
|---|---|---|---|
| 005 | 20150916152715.0 | ||
| 010 | _aB-506673-676 ENG-113871 | ||
| 020 |
_a9789322008048 _c595.00 |
||
| 035 | _aB-506673-676 | ||
| 035 | _aEN-97403 | ||
| 037 |
_adpl _bBSB/Ven |
||
| 037 | _bDBAD/PUB | ||
| 082 | _a921 | ||
| 100 | _aKaw, M.K. | ||
| 245 |
_aAn Outsider Everywhere : _brevelations by an Insider / _cby M.K.Kaw |
||
| 260 |
_aNew Delhi _bKonark Publishers _c2012 |
||
| 270 |
_a206, First Floor, Peacock Lane, Shahpur Jat _bNew Delhi _e110049 |
||
| 300 |
_a210 p., [8] p. of plates : _b ill. (chiefly col.) _c24cm(Hb) |
||
| 520 | _a Autobiography of a retired IAS officer. | ||
| 942 |
_2ddc _cEN _h921 _mKAW |
||
| 999 |
_c83596 _d83596 |
||